Z JAKIEGO FILMU JEST TA POSTAĆ? - Statystyki

Ogólne statystyki
  • Ten quiz został rozwiązany 44 razy
  • Średni wynik to 9 z 15
Statystyki odpowiedzi
POSTAĆ FILM % Poprawnych
Albus Dumbledore harry potter
92%
Godzilla Godzilla
90%
Gollum Władca pierścieni
90%
Neo Matrix
79%
Tony Stark avengers
74%
Kevin McCallister Kevin sam w domu
74%
Dominic Toretto Szybcy i wściekli
74%
Vito Corleone Ojciec chrzestny
72%
darth Maul Gwiezdne wojny
69%
Seong Gi-hun Squid Game
51%
Profesor Dom z papieru
46%
Katniss Everdeen Igrzyska śmierci
46%
Jack Dawson Titanic
33%
Owen Grady Jurassic World
15%
Garett Garrison Minecraft
8%
Nie znaleziono quizów pasujących do podanych kryteriów
Rozkład punktacji
Procent ludzi z każdym wynikiem
Percentyl według liczby udzielonych odpowiedzi
Twoja historia wyników
Nie rozwiązałeś tego quizu